|
|
|
|
| LEADER |
00000nam a22000007a 4500 |
| 005 |
2019090306416.0 |
| 007 |
cr|||| |||| |
| 008 |
190903s2016 br |||||s|||| 00||0 por d |
| 020 |
|
|
|a 978-85-68483-23-7
|
| 035 |
|
|
|a 24829
|
| 040 |
|
|
|a vLex
|
| 090 |
|
|
|c 9380
|d 9380
|
| 100 |
1 |
|
|a Bittencourt, Sidney
|
| 245 |
1 |
0 |
|a Pregô passo a passo
|h [Recurso electrn̤ico] :
|b Lei nð 10.520, de 17 de julho de 2002 /
|c Sidney Bittencourt
|
| 256 |
|
|
|a Servicio en ln̕ea
|
| 260 |
|
|
|a Rio de Janeiro:
|b Synergia Editora,
|c 2016
|
| 300 |
|
|
|a 1 recurso electrn̤ico
|
| 500 |
|
|
|a Comentr̀ios aos artigos do diploma legal que instituiu a modalidade de licitaȯ̂ Pregô para todos os entes da Federaȯ̂, considerando os decretos regulamentares. 5® ediȯ̂ Revista, ampliada e atualizada.
|
| 506 |
1 |
|
|a Disponible solo en los productos indicados
|d vLex Global
|d vLex Global (Academic Edition, excluding Law Schools)
|d vLex Global (U.S. Academic Edition, Law Schools)
|d vLex Global (U.S. Academic Edition, excluding Law Schools)
|d vLex Global (Academic Edition, Law Schools)
|
| 650 |
0 |
4 |
|a Derecho Pb︢lico y Administrativo
|z Brasil
|
| 740 |
0 |
|
|a vLex Libros (Servicio en ln̕ea)
|
| 856 |
4 |
0 |
|u http://vlex.com/source/preg-o-passo-passo-lei-10520-17-julho-2002-24829
|z Acceso restringido
|
| 942 |
|
|
|c BOOK
|
| 999 |
0 |
|
|a Public and Administrative Law
|